[Event "Villagarcia de Arosa op"]
[Site "Villagarcia de Arosa"]
[Date "2005.08.08"]
[Round "8"]
[White "Nanu, Ciprian Costica"]
[Black "Casares Cabanas, Carlos"]
[Result "1-0"]
[WhiteElo "2434"]
[BlackElo "2116"]
[PlyCount "61"]
[EventDate "2005.08.01"]
[EventType "swiss"]
[EventRounds "9"]
[EventCountry "ESP"]
[SourceTitle "CBM 107 Extra"]
[Source "ChessBase"]
[SourceDate "2005.09.01"]
[SourceVersion "1"]
[SourceVersionDate "2005.09.01"]
[SourceQuality "1"]

1. e4 c5 2. Nf3 d6 3. Bc4 e6 4. 0-0 a6 5. Re1 b5 6. Bf1 Bb7 7. c3 Nf6 8. d3 Be7 9. a4 bxa4 10. Qxa4+ Nbd7 11. e5 dxe5 12. Nxe5 Qc8 13. Na3 0-0 14. Nxd7 Nxd7 15. Nc4 Bc6 16. Qd1 Ra7 17. Re3 Bd5 18. Rg3 Bxc4 19. Qg4 Bf6 20. Qxc4 Ne5 21. Qe4 Rd8 22. h4 Rad7 23. h5 Kh8 24. h6 Ng6 25. hxg7+ Bxg7 26. Bg5 Rf8 27. Qa4 Rd6 28. Rh3 Qb7 29. Bc1 Qd5 30. Qg4 Rg8 31. Rh5 1-0